• 首页
  • 本馆介绍
  • 公告通知
  • 最新文献
  • 馆藏检索
  • 电子资源
  • 读者导购
  • 参考咨询
  • 我的图书馆
  • 登录
  • 详细信息显示
  • 放入我的书架
  • 预约/预借图书
  • 作者相关作品
  • 分类相关作品
  • 丛书相关作品
  • 出版社相关作品

书目信息

  • 表格格式
  • 工作单格式
  • 卡片格式
题名:
管理信息系统案例教程
    
 
作者: 赵苹 编著
分册:  
出版信息: 北京   北京大学出版社  2003
页数: 373页
开本: 23cm
丛书名: 中国MBA教学案例教程丛书
单 册:
中图分类: C931.6
科图分类:
主题词: 管理信息系统--研究生--教材 , 管理信息系统
电子资源:
ISBN: 7-301-05738-5
000 00946oam2 2200265 450
001 012007770176
005 20070517091207.31
010    @a7-301-05738-5@dCNY39.00
100    @a20070514d2003 km y0chiy0120 ea
101 0  @achi
102    @aCN@b110000
105    @ay z 000yy
106    @ar
200 1  @a管理信息系统案例教程@Aguan li xin xi xi tong an li jiao cheng@f赵苹编著@Fzhao ping bian zhu
210    @a北京@c北京大学出版社@d2003
215    @a373页@d23cm
225 2  @a中国MBA教学案例教程丛书
330    @a本书介绍了管理信息系统的基本概念和知识内容,涵盖了当代最新的学术观点和实践经验、并配合案例做了具体的展示。本书共包括:“管理信息及其处理”、“组织中的信息系统”、“信息处理技术”等六章内容。
461  0 @12001 @a中国MBA教学案例教程丛书
606 1  @a管理信息系统@x研究生@j教材
606 0  @a管理信息系统
690    @aC931.6@v4
701  0 @a赵苹@Azhao ping@4编著
801 0  @aCN@bRULIN@c20070517
905    @dC931.6@e287@s10
    
    管理信息系统案例教程/赵苹编著.-北京:北京大学出版社,2003
    373页;23cm.-(中国MBA教学案例教程丛书)
    
    
    ISBN 7-301-05738-5:CNY39.00
    本书介绍了管理信息系统的基本概念和知识内容,涵盖了当代最新的学术观点和实践经验、并配合案例做了具体的展示。本书共包括:“管理信息及其处理”、“组织中的信息系统”、“信息处理技术”等六章内容。
●
相关链接 在E读中查询图书 在五车中查询图书 在当当中查询图书 在豆瓣中查询图书


正题名:管理信息系统案例教程     索取号:C931.6/287         预约/预借

序号 登录号 条形码 馆藏地/架位号 状态 备注
1 0577345   205773457   第一样本阅览室/ [索取号:C931.6/287] 在馆    
2 0577346   205773466   教育系资料室/ [索取号:C931.6/287] 在馆    
3 0577347   205773475   教育系资料室/ [索取号:C931.6/287] 在馆    
4 0577348   205773484   第一借阅区/ [索取号:C931.6/287] 在馆    
5 0577349   205773493   教育系资料室/ [索取号:C931.6/287] 在馆    
6 0577350   205773509   教育系资料室/ [索取号:C931.6/287] 在馆    
7 0577351   205773518   第一借阅区/ [索取号:C931.6/287] 在馆    
8 0577352   205773527   教育系资料室/ [索取号:C931.6/287] 在馆    
9 0577353   205773536   第一借阅区/ [索取号:C931.6/287] 在馆    
10 0577354   205773545   第一借阅区/ [索取号:C931.6/287] 在馆    
唐山师范学院图书馆 欢迎您!
大连网信软件有限公司© 版权所有